| 000 | 00669nam a2200097Ia 4500 | ||
|---|---|---|---|
| 008 | 160725s9999 xx 000 0 und d | ||
| 100 | _aAbanil, Maria Carolina C., Adamos, Lisandro A., DiƱoso, Rommel B., Ducut, Fulgencio D., Ignacio, Aris. E. & Mendoza, Rodel C. (2014, January). | ||
| 245 | 2 | _aA college of information technology project on the requirements analysis and development of a training management and dorm system of Eureka! Innovations and Technical Solutions Philippines, Inc. Kaizen Research Journal College of Information Technology, 1 | |
| 260 |
_bKaizen Research Journal College of Information Technology _cJanuary 2014 |
||
| 650 | _aINFORMATION TECHNOLOGY | ||
| 999 |
_c298011 _d298011 |
||